| 000 | 004260000a22001810004500 | ||
|---|---|---|---|
| 003 | MACL | ||
| 005 | 20151007122436.0 | ||
| 008 | 151007b xxu||||| |||| 00| 0 eng d | ||
| 040 |
_aMACL _cMACL |
||
| 041 | _aEnglish | ||
| 082 | _a920 | ||
| 100 |
_aGordon, Leonard A _913963 |
||
| 245 | _aBrothers Against The Raj | ||
| 260 |
_bViking _c1990 _aCalcutta |
||
| 350 | _a395 | ||
| 650 |
_aBiography _913964 |
||
| 942 |
_cBK _k920 _2ddc |
||
| 999 |
_c5993 _d5993 |
||